[Event "Arco op"]
[Site "Arco"]
[Date "2011.12.29"]
[Round "6"]
[White "Sinner, Armin"]
[Black "Paltrinieri, Mario"]
[Result "1/2-1/2"]
[WhiteElo "1783"]
[BlackElo "1690"]
[PlyCount "58"]
[EventDate "2011.12.26"]
[EventType "swiss"]
[EventRounds "7"]
[EventCountry "ITA"]
[SourceTitle "EXT 2023"]
[Source "ChessBase"]
[SourceDate "2022.10.05"]
[SourceVersion "1"]
[SourceVersionDate "2022.10.05"]
[SourceQuality "1"]

1. f4 e5 2. fxe5 d6 3. Nf3 Bg4 4. e4 dxe5 5. Nc3 Bc5 6. Bc4 Nc6 7. h3 Bxf3 8. Qxf3 Nf6 9. Bb5 Qd6 10. d3 0-0-0 11. Bxc6 Qxc6 12. Be3 Bb4 13. Bd2 Qc5 14. a3 Bxc3 15. Bxc3 Nd7 16. 0-0-0 f6 17. Rhf1 Kb8 18. Bd2 Qb5 19. Be3 c5 20. Qf2 b6 21. g4 Nf8 22. g5 Nd7 23. Qf5 Qc6 24. Kb1 Rdf8 25. Qg4 Rfg8 26. h4 Kb7 27. c3 Nb8 28. Qe2 Qe6 29. Qg2 Nc6 1/2-1/2